[Event "4NCL Division 2a"]
[Site "Northampton, ENG"]
[Date "2017.02.12"]
[Round "6.44"]
[White "Littlejohns, David P"]
[Black "Purcell, Philip"]
[Result "1/2-1/2"]
[WhiteElo "2005"]
[BlackElo "2080"]
[PlyCount "76"]
[EventDate "2017.02.12"]
[WhiteTeam "West is Best 1"]
[BlackTeam "Warwickshire Select 2"]

1. e4 c5 2. Nc3 Nc6 3. g3 g6 4. Bg2 Bg7 5. d3 e6 6. f4 Nge7 7. Nf3 O-O 8. O-O
d5 9. e5 a6 10. a4 Rb8 11. Kh1 b5 12. axb5 axb5 13. Ne2 Bb7 14. c3 Qd7 15. Be3
c4 16. Bc5 Ra8 17. Qd2 Rfc8 18. Bxe7 Qxe7 19. Ned4 Nxd4 20. Nxd4 Qe8 21. h3 Bf8
22. Rfc1 Bc5 23. Nc2 Rxa1 24. Rxa1 Ra8 25. Rxa8 Qxa8 26. d4 Be7 27. Kh2 Qa4 28.
Ne3 Bc8 29. g4 b4 30. g5 bxc3 31. bxc3 Qa3 32. Ng4 Kf8 33. Qe1 Ke8 34. Nf6+
Bxf6 35. exf6 Kd7 36. Qh4 Qc1 37. Qxh7 Qxf4+ 38. Kh1 Qc1+ 1/2-1/2

[Event "4NCL Division 2a"]
[Site "Northampton, ENG"]
[Date "2017.02.12"]
[Round "6.45"]
[White "Green, Anthony J"]
[Black "Taylor, William J"]
[Result "1/2-1/2"]
[WhiteElo "1975"]
[BlackElo "2065"]
[PlyCount "74"]
[EventDate "2017.02.12"]
[WhiteTeam "Warwickshire Select 2"]
[BlackTeam "West is Best 1"]

1. d4 Nf6 2. c4 g6 3. Nc3 Bg7 4. e4 d6 5. Nf3 O-O 6. Be2 e5 7. O-O Nc6 8. d5
Ne7 9. Ne1 Nd7 10. f3 f5 11. g4 Kh8 12. Nd3 Ng8 13. Be3 Bh6 14. Qd2 Bxe3+ 15.
Qxe3 b6 16. Kh1 f4 17. Qf2 g5 18. b4 h5 19. c5 hxg4 20. cxd6 cxd6 21. fxg4 Ndf6
22. h3 Rf7 23. Rac1 Ne7 24. Ne1 Rh7 25. Kg2 Ng6 26. Rh1 Nh4+ 27. Kg1 Bb7 28.
Nf3 Nxf3+ 29. Bxf3 Qd7 30. Kg2 Rc8 31. Qe2 Rh4 32. Nb5 Rxc1 33. Rxc1 Ba6 34. a4
Qh7 35. Rh1 Ne8 36. Qc4 Qd7 37. Qc6 Bxb5 1/2-1/2

[Event "4NCL Division 2a"]
[Site "Northampton, ENG"]
[Date "2017.02.12"]
[Round "6.46"]
[White "Homer, Stephen J"]
[Black "Ali, Golam S"]
[Result "0-1"]
[WhiteElo "2011"]
[BlackElo "1967"]
[PlyCount "74"]
[EventDate "2017.02.12"]
[WhiteTeam "West is Best 1"]
[BlackTeam "Warwickshire Select 2"]

1. e4 c5 2. Nf3 d6 3. d4 cxd4 4. Nxd4 Nf6 5. Nc3 a6 6. g3 e6 7. Bg2 Be7 8. O-O
Qc7 9. f4 Nc6 10. Kh1 Bd7 11. Nb3 h5 12. h3 O-O-O 13. Be3 Rdg8 14. Na4 Be8 15.
Bb6 Qb8 16. c4 g5 17. Be3 gxf4 18. Nb6+ Kc7 19. gxf4 Rxg2 20. Kxg2 Nxe4 21. Kh2
f5 22. Rg1 Bf6 23. Na4 h4 24. Nd4 Nxd4 25. Bxd4 Bxa4 26. b3 Bd7 27. Bxf6 Nxf6
28. Qd4 Qf8 29. c5 dxc5 30. Rac1 Ne4 31. Rgd1 Rh7 32. Qe3 Rg7 33. b4 Rg3 34.
Qd4 Qg7 35. Rxc5+ Nxc5 36. Qd6+ Kc8 37. Qxc5+ Kb8 0-1

[Event "4NCL Division 2a"]
[Site "Northampton, ENG"]
[Date "2017.02.12"]
[Round "6.47"]
[White "Ingram, Keith R"]
[Black "Parry, Matthew"]
[Result "0-1"]
[WhiteElo "1978"]
[BlackElo "1900"]
[PlyCount "48"]
[EventDate "2017.02.12"]
[WhiteTeam "Warwickshire Select 2"]
[BlackTeam "West is Best 1"]

1. e4 Nf6 2. e5 Nd5 3. d4 Nb6 4. Nf3 d5 5. Be2 Bg4 6. h3 Bxf3 7. Bxf3 e6 8. b3
c5 9. c4 Nc6 10. cxd5 Nxd5 11. dxc5 Bxc5 12. O-O Bd4 13. Ba3 Bxa1 14. Nd2 Bxe5
15. Nc4 Bc7 16. Re1 Ndb4 17. Qe2 Nd4 18. Qe4 Nxf3+ 19. Qxf3 Nd5 20. Qg4 Qf6 21.
Bb2 Qg6 22. Qf3 O-O 23. Re4 Nf6 24. Re1 Rad8 0-1

[Event "4NCL Division 2a"]
[Site "Northampton, ENG"]
[Date "2017.02.12"]
[Round "6.48"]
[White "Howell, Oliver W"]
[Black "Bowcott-Terry, Finlay"]
[Result "1-0"]
[WhiteElo "1771"]
[BlackElo "1772"]
[PlyCount "85"]
[EventDate "2017.02.12"]
[WhiteTeam "West is Best 1"]
[BlackTeam "Warwickshire Select 2"]

1. Nf3 c5 2. c4 Nc6 3. g3 Nf6 4. Bg2 d6 5. O-O Bf5 6. Nc3 e5 7. d3 Be7 8. e3
O-O 9. d4 Bg4 10. d5 Nb8 11. Qd3 Bh5 12. e4 Nbd7 13. Nh4 h6 14. Nf5 Bg4 15.
Nxe7+ Qxe7 16. f4 exf4 17. gxf4 a6 18. Re1 Nb6 19. b3 Rfe8 20. Qg3 Bd7 21. Bf3
Kh8 22. Bb2 a5 23. e5 Nh7 24. exd6 Qxd6 25. Nb5 Rxe1+ 26. Rxe1 Qf8 27. Nd6 f6
28. Nxb7 Ra7 29. d6 Rxb7 30. Bxb7 Qxd6 31. Qg6 Nf8 32. Qf7 Be6 33. Qe8 Kh7 34.
Be4+ f5 35. Bd5 Nxd5 36. cxd5 Qxf4 37. Qxf8 Qg4+ 38. Kf2 Qf4+ 39. Ke2 Qxh2+ 40.
Ke3 Qg3+ 41. Kd2 Qf2+ 42. Re2 Qf4+ 43. Kc2 1-0